000 00303nam a2200121Ia 4500
008 190216s9999||||xx |||||||||||||| ||und||
100 _aAgarwal Op
245 0 _aSuccess In Competitions
260 _b"Avadh Prakashan , Agra"
_c1985
300 _a156p
650 _aCompetitive Examination
942 _cREF
999 _c35646
_d35646